Normal view
MARC view
- Sociología cristiana
Entry Materia
001 - NÚMERO DE CONTROL DEL REGISTRO
- campo de control: 6351
003 - IDENTIFICADOR DE NUMERO DE CONTROL
- campo de control: UPN
005 - FECHA Y HORA DE LA ÚLTIMA TRANSACCIÓN
- campo de control: 20230322130731.0
008 - DATOS DE LONGITUD FIJA
- campo de control de longitud fija: nabaccnnaabn|||||||||| b |nc|||||d
035 ## - NÚMERO DE CONTROL DEL SISTEMA
- Número de control del sistema: UPN10000006353
040 ## - FUENTE DE LA CATALOGACIÓN
- Lengua de catalogación: SPA
- Agencia de transcripción: UPN
- Centro catalogador de origen: UPN
046 ## - FECHAS CON CODIFICACIÓN ESPECIAL
- Fecha final para contenidos agregados: 2023
150 ## - ENCABEZAMIENTO - TEMÁTICO
- Término de materia o nombre geográfico como elemento inicial: Sociología cristiana
670 ## - FUENTE EN LA QUE SE LOCALIZARON DATOS
- Cita de la fuente: E
680 ## - NOTA GENERAL CON DESPLIEGUE PÚBLICO
- Encabezamiento: Aquí se asientan las obras que tratan de la teoría social desde el punto de vista cristiano. la relación entre este encabezamiento con la iglesia y los problemas sociales, es la relación de lo abstracto con lo concreto, de la teoría con la práctica y los trabajos a los que se aplican estos encabezados se clasifican respectivamente en teología o reforma social. Las obras que abarquen ambos aspectos se asientan bajo un encabezamiento que exprese más concretamente el interés principal de la obra
902 ## - CATALOGADOR
- Catalogador: PN/200297
